• 首页
  • 本馆介绍
  • 公告通知
  • 最新文献
  • 馆藏检索
  • 电子资源
  • 读者导购
  • 参考咨询
  • 我的图书馆
  • 登录
  • 详细信息显示
  • 放入我的书架
  • 预约/预借图书
  • 作者相关作品
  • 分类相关作品
  • 丛书相关作品
  • 出版社相关作品

书目信息

  • 表格格式
  • 工作单格式
  • 卡片格式
题名:
中国特色的宏观调控体系研究
    
 
作者: 刘瑞 著
分册:  
出版信息: 北京   中国人民大学出版社  2016
页数: 745页
开本: 21cm
丛书名: 中国经济问题丛书
单 册:
中图分类: F123.16
科图分类:
主题词: 宏观经济调控--hong guan jing ji tiao kong--研究--中国
电子资源:
ISBN: 978-7-300-22861-7
000 01085nam0 22002651 450
001 0109172528
005 20170309172528.0
010    @a978-7-300-22861-7@dCNY68.00
100    @a20160614d2016 em y0chiy50 ea
101 0  @achi
102    @aCN@b110000
105    @ay z 000yy
106    @ar
200 1  @a中国特色的宏观调控体系研究@9zhong guo te se de hong guan tiao kong ti xi yan jiu@f刘瑞著
210    @a北京@c中国人民大学出版社@d2016
215    @a745页@d21cm
225 2  @a中国经济问题丛书@9zhong guo jing ji wen ti cong shu
300    @a“十一五”国家重点图书出版规划
330    @a本书主要内容包括宏观调控的实践历程、经济理论基础、法理基础、理念与范式、目标选择,宏观调控中地方政府与中央政府的关系等。认真总结了改革开放三十多年以来的宏观调控实践经验与教训,多方位、多视角地探讨了中国特色的宏观调控的形成与发展、继承与创新。
461  0 @12001 @a中国经济问题丛书
606 0  @a宏观经济调控@9hong guan jing ji tiao kong@x研究@y中国
690    @aF123.16@v5
701  0 @a刘瑞@9liu rui@f(1960~)@4著
801  0 @aCN@bTANGWEI@c20170308
905    @b0954315-7@dF123.16@e265@f3
    
    中国特色的宏观调控体系研究/刘瑞著.-北京:中国人民大学出版社,2016
    745页;21cm.-(中国经济问题丛书)
    “十一五”国家重点图书出版规划
    
    ISBN 978-7-300-22861-7:CNY68.00
    本书主要内容包括宏观调控的实践历程、经济理论基础、法理基础、理念与范式、目标选择,宏观调控中地方政府与中央政府的关系等。认真总结了改革开放三十多年以来的宏观调控实践经验与教训,多方位、多视角地探讨了中国特色的宏观调控的形成与发展、继承与创新。
●
相关链接 在E读中查询图书 在五车中查询图书 在当当中查询图书 在豆瓣中查询图书


正题名:中国特色的宏观调控体系研究     索取号:F123.16/265         预约/预借

序号 登录号 条形码 馆藏地/架位号 状态 备注
1 0954315   209543154   第一样本阅览室/ [索取号:F123.16/265] 在馆    
2 0954316   209543163   第一借阅区/ [索取号:F123.16/265] 在馆    
3 0954317   209543172   第一借阅区/ [索取号:F123.16/265] 在馆    
唐山师范学院图书馆 欢迎您!
大连网信软件有限公司© 版权所有